Billy Joel Lyrics Multiple Choice 1 (easier) - Statistics

General Stats
  • This quiz has been taken 144 times
  • The average score is 6 of 10
Answer Stats
Question Answer % Correct
Well our fathers fought the Second World War Spent their weekends on the Jersey Shore Allentown
92%
Well, you’re twenty one and still you mother makes your bed And that’s too long Captain Jack
83%
Every drunk must have his drink Don’t Ask Me Why
83%
I said I love you and that's forever Just the Way You Are
83%
I got a thumb and she's a son of a bitch Worse Comes to Worst
58%
I won’t hold back anything And I’ll walk away a fool or a king A Matter of Trust
50%
When I'm deep inside of me Don't be too concerned Honesty
50%
Now, I have seen that sad surrender in my lover’s eyes Summer, Highland Falls
50%
Don’t be afraid to say the words that move me Anytime you want to tell them to me Sometimes a Fantasy
42%
We lived through a lifetime And the aftermath This Is the Time
42%
No matching quizzes found
Score Distribution
Percent of People with Each Score
Percentile by Number Answered
Your Score History
You have not taken this quiz